Never let me go (Record no. 154103)

MARC details
000 -LEADER
fixed length control field 00623nam a22001937a 4500
005 - DATE AND TIME OF LATEST TRANSACTION
control field 20180716131947.0
010 ## - LCCN (DPL NO)
LC control number B-680736
020 ## - INTERNATIONAL STANDARD BOOK NUMBER
International Standard Book Number 9780571258093
Terms of availability 499.00
035 ## - SYSTEM CONTROL NUMBER
System control number B-680736
037 ## - SOURCE OF ACQUISITION
Source of stock number/acquisition Faber and Faber
082 ## - DEWEY DECIMAL CLASSIFICATION NUMBER
Classification number N
100 ## - MAIN ENTRY--PERSONAL NAME
Personal name Ishiguro, Kazuo
245 ## - TITLE STATEMENT
Title Never let me go
Statement of responsibility, etc Kazuo Ishiguro
260 ## - PUBLICATION, DISTRIBUTION, ETC. (IMPRINT)
Place of publication, distribution, etc London
Name of publisher, distributor, etc Faber and Faber
Date of publication, distribution, etc 2005
270 ## - ADDRESS
Address Bloomsbury House, 74-77 Great Russell Street, London.
City London
Postal code wc1b3da
300 ## - PHYSICAL DESCRIPTION
Extent 282p.
Dimensions 20cm(pbk)
942 ## - ADDED ENTRY ELEMENTS (KOHA)
Source of classification or shelving scheme Dewey Decimal Classification
Item type English Books
Classification part N
Call number suffix ISH
Holdings
Withdrawn status Lost status Not for loan Collection code Home library Current library Date acquired Full call number Barcode Koha item type
      Fiction Sarojini Nagar Sarojini Nagar 16/07/2018 N ISH B-680736 English Books

© Delhi Public Library
Hit Counter
free hit counter